| 000 | 00383nam a22001457a 4500 | ||
|---|---|---|---|
| 003 | MACL | ||
| 005 | 20170528120800.0 | ||
| 008 | 170528b xxu||||| |||| 00| 0 eng d | ||
| 040 | _cMACL | ||
| 100 |
_aChoydhury Paramesh _967243 |
||
| 245 | _aTagore, The Father of Environmentalism | ||
| 260 |
_aKolkata _bSharmistha Banerjee _c2012 |
||
| 650 |
_aEnvironments _93437 |
||
| 942 |
_2ddc _cBK |
||
| 999 |
_c56392 _d56392 |
||